01585nam a2200361 a 4500001001000000003000500010005001700015008004100032010001100073011001100084040000900095090001000104100004600114245019900160260004100359500006000400502008200460590004000542590004000582590004000622590004000662650003400702650002700736650004300763650002900806856007000835901000700905942001000912942000600922999001900928952014000947952013601087000111359CHAP20220329144208.0150330s2015 mx a fsm |||||||spa d a107821 a108793 cCHAP aTesis1 aMorquecho Hernández, Irma Itsel912921810aImplementación de herramientas para el control de calidad en recepción de materia prima y producto terminados en Bac Synergy S.A. de C.V.h[En línea]cpor Irma Itsel Morquecho Hernández. aChapingo, Méx. :bEl autor,c2015. aPara ver el contenido del material haga clic en la liga aTesis (Ing. Agroindustrial) -- UACH. Departamento Ingeniería Agroindustrial aE5995AHEb05c20150330lUCH01h1231 aE5995AHEb05c20150330lUCH01h1232 aE5995AHEb05c20150330lUCH01h1330 aE5995AHEb05c20150414lUCH01h130314aAjoxNormas de calidad.9320314aCapacitación.91869014aProductos agrícolasxCalidad.99192214aSanidad vegetal.9102224 aFinding aiduhttp://10.13.5.2/tesis/sist111359.pdfzTeclea aquí aBK cTESIS n0 c107821d107821 00102local4053708TESISaBCbBCcPA_TESISd2015-03-30fTESISl0oTesisp33724002480595r2019-12-31 00:00:00tc.2w2019-12-31yTESIS 00104054718TESISaBCbBCd2015-03-30fTESISl0oTesisp33724002480637r2019-12-31 00:00:00w2019-12-31yTESISzRecien adquirido